00648nam a2200193Ia 450000500170000000800410001702000150005808200130007324501000008626000690018630000120025565000210026765000180028865000130030670000170031994200060033695200970034299900150043920240606023506.0240331s9999 xx 000 0 und d a1895573009 bTOWa362 0aTowards equal access :ba handbook for service providers working with survivors of wife assault aOttawabImmigration & Visible Minority Women Against Abusec1991 a176 p., aImmigrant Women aWife Assault  aEquality aRafiq, F. ed cL 001040708LaWERCLbWERCLcSSCd2024-03-31l0o 362.8 TOWp3379r2024-03-31w2024-03-31yL c2917d2917